000 00464nam a2200181Ia 4500
001 22722
005 20260414150850.0
008 260414t2013||||xx |||||||||||||| ||spa||
041 _aESP
082 _a621.385
_bM86
100 _aMoro Vallina, Miguel
_eAUT
245 0 _aInfraestructuras de redes de datos y sistemas de telefonía
_b
260 _c2013
300 _ax, 146 páginas :
_c27 cm.
650 _aTCA
654 _aCET
942 _cLIB
_dJUS
_fJUS
_2ddc
_n
999 _c22722
_d22722